000 00770nam a2200241 a 4500
001 BRCA_6450
005 20190320205447.0
008 150110s190?----gw-a######---#000-0#ger-#
041 _ager
044 _agw
050 4 _aNB623.D6
_b.S38 190?
245 1 0 _aDonatello
_bdes Meisters Werke
_cherausgegeben von Paul Schubring.
260 _aStuttgart, Alemania
_bDeutsche Verlags-Anstalt
_c[190?]
300 _alvi, 219 p.
_bil.
_c26 cm.
440 0 _aKlassiker der Kunst in gesamtausgaben
_v11
_916110
500 _aM51
600 1 4 _aDonatello, Donato di Betto di Bardo, conocido como
_d1386-1466
_916111
650 1 4 _aEscultores italianos
_97653
650 1 4 _aEsculturas italiana
_916112
700 1 _aSchubring, Paul
_eEditor
_916113
902 _aGFM
942 _2lcc
_cB
999 _c6134
_d6134